| 000 | 00971nam0a22002651 4500 | ||
|---|---|---|---|
| 001 | rc\55967 | ||
| 005 | 20260405145534.0 | ||
| 010 |
_a5-76-23-1085-h _91000 |
||
| 035 | _a(NLR Aleph) 005333232 | ||
| 090 |
_a6614214 _c6614214 |
||
| 100 | _a20021216d1994 |||y0rusy50 ca | ||
| 101 | 0 | _arus | |
| 102 | _aRU | ||
| 105 | _ay ||||||||| | ||
| 200 | 1 |
_aНациональный состав населения Якутии _e(Этно-стат. исслед.) _fРос. акад. наук. Сиб. отд-ние. Якут. ин-т яз., лит. и истории |
|
| 210 |
_aЯкутск _cЯкут. науч. центр СО РАН _d1994 |
||
| 215 |
_a144 с. _d21 |
||
| 320 | _aБиблиогр.: с. 136-143 | ||
| 700 | 1 |
_4070 _8rus _7ca _aИгнатьева _bВ. Б. _f1963 - _gВанда Борисовна _3RU\NLR\AUTH\7760947 _943877 |
|
| 801 | 0 |
_aRU _bNLR _gpsbo |
|
| 801 | 1 |
_aRU _bELAR _2rusmarc |
|
| 852 |
_aNLR _j96-3/7122 |
||
| 942 | _cBOOK | ||
| 980 | _aNB | ||